[Event "Bundesliga 2018-19"]
[Site "Munich GER"]
[Date "2018.11.10"]
[Round "1"]
[White "Fedoseev, Vladimir3"]
[Black "Mons, Leon"]
[Result "1-0"]
[WhiteElo "2714"]
[BlackElo "2554"]
[PlyCount "101"]
[EventDate "2018.11.10"]
[EventType "team"]
[WhiteTeam "SV 1930 Hockenheim"]
[BlackTeam "MSA Zugzwang 82"]

1. e4 e5 2. Nf3 Nc6 3. Bc4 Nf6 4. d3 Bc5 5. Nbd2 O-O 6. c3 a5 7. O-O d6 8. b3
Be6 9. a4 d5 10. exd5 Bxd5 11. Qe2 Re8 12. Ne4 Bxc4 13. Nxc5 Bd5 14. Nxb7 Qc8
15. Nc5 Nd7 16. Ne4 f5 17. Ng3 Nc5 18. Ba3 Ne6 19. Qd1 Nf4 20. Nh4 g6 21. c4
Bf7 22. Ra2 Qb7 23. Bc1 Nd4 24. Bxf4 exf4 25. Ne2 Rxe2 26. Rxe2 Nxe2+ 27. Qxe2
Qxb3 28. Nf3 Qxa4 29. Qe7 Qe8 30. Qh4 Qd8 31. Qh6 Qf8 32. Qxf4 Qd6 33. Qh6 Qf8
34. Qd2 a4 35. Ra1 Qd6 36. Qc3 a3 37. Ra2 Qb6 38. Nd2 Re8 39. Kf1 Qd6 40. Nf3
Ra8 41. h3 h6 42. Kg1 g5 43. Ne5 Qf6 44. d4 c5 45. Rxa3 Rxa3 46. Qxa3 cxd4 47.
Qc5 d3 48. Nxd3 Qc3 49. Qxf5 Qxc4 50. Ne5 Qc1+ 51. Kh2 1-0

[Event "Bundesliga 2018-19"]
[Site "Munich GER"]
[Date "2018.11.10"]
[Round "1"]
[White "Arnaudov, G. Petar"]
[Black "Korobov, Anton"]
[Result "1/2-1/2"]
[WhiteElo "2459"]
[BlackElo "2703"]
[PlyCount "112"]
[EventDate "2018.11.10"]
[EventType "team"]
[WhiteTeam "BCA Augsburg"]
[BlackTeam "SC Viernheim"]

1. Nf3 d5 2. c4 c6 3. g3 g6 4. Bg2 Bg7 5. O-O Nf6 6. b3 Ne4 7. d4 O-O 8. Bb2
Bf5 9. e3 Nd7 10. cxd5 cxd5 11. Nc3 Qa5 12. Nxe4 Bxe4 13. Qd2 Qxd2 14. Nxd2
Bxg2 15. Kxg2 Rfc8 16. Rac1 e6 17. Nb1 Bf8 18. Rxc8 Rxc8 19. Rc1 Rxc1 20. Bxc1
Bd6 21. Ba3 Bc7 22. g4 a6 23. h3 f6 24. f3 Kf7 25. Kf2 f5 26. gxf5 exf5 27. Bb4
g5 28. Nc3 Ke6 29. Ne2 h5 30. Kg2 Nf6 31. Be1 f4 32. exf4 gxf4 33. Bd2 Kf5 34.
Bc1 Bd6 35. a4 Ng8 36. Nc3 Ne7 37. Ne2 Nc6 38. Bd2 Bc7 39. Bc3 Bb6 40. Kf1 Nd8
41. Kg2 Nc6 42. Kf1 Ba7 43. Kg2 b5 44. axb5 axb5 45. Kf1 Bb6 46. Kg2 Bc7 47.
Kf1 Bd6 48. Kg2 Be7 49. Bd2 Bf6 50. Bc3 Bg7 51. Kf1 b4 52. Bb2 Na5 53. Nc1 Bf8
54. Kf2 Bd6 55. Kg2 Kg5 56. Kf2 Kf5 1/2-1/2

[Event "Bundesliga 2018-19"]
[Site "Kiel GER"]
[Date "2018.11.10"]
[Round "1"]
[White "Ragger, Markus"]
[Black "Salgado Lopez, Ivan"]
[Result "0-1"]
[WhiteElo "2701"]
[BlackElo "2624"]
[PlyCount "150"]
[EventDate "2018.11.10"]
[EventType "team"]
[WhiteTeam "SG Solingen"]
[BlackTeam "SG Turm Kiel"]

1. e4 c5 2. Nf3 Nc6 3. d4 cxd4 4. Nxd4 Nf6 5. Nc3 d6 6. Bg5 e6 7. Qd2 a6 8.
O-O-O Bd7 9. f4 Be7 10. Nf3 b5 11. Bxf6 gxf6 12. Kb1 Qb6 13. f5 O-O-O 14. g3
Na5 15. Bh3 Nc4 16. Qe2 Rhe8 17. Nd4 Bf8 18. Qh5 b4 19. fxe6 fxe6 20. Nce2 Kb8
21. Nf4 f5 22. exf5 Nxb2 23. Kxb2 Bg7 24. Nfe2 exf5 25. Kb1 Rxe2 26. Nxe2 Be6
27. Nc1 Bxa2+ 28. Nxa2 b3 29. Nc1 bxc2+ 30. Kxc2 Rc8+ 31. Kd2 Qb4+ 32. Ke2 Qe4+
33. Kf2 Bd4+ 34. Rxd4 Qxd4+ 35. Kg2 Qe4+ 36. Kf2 Qxh1 37. Ne2 Qxh2+ 38. Ke3 Qh1
39. Qxf5 Re8+ 40. Kd2 Qe4 41. Qxe4 Rxe4 42. Bf5 Re7 43. Nc3 h6 44. Kd3 Re1 45.
Kd4 a5 46. g4 Kc7 47. Kc4 Kc6 48. Kd4 Rf1 49. Be4+ Kd7 50. Bf5+ Ke7 51. Nd5+
Kf7 52. Bd7 Rd1+ 53. Kc4 Rc1+ 54. Kd4 Kg6 55. Nc3 Kf6 56. Nd5+ Kg5 57. Nc3 Kh4
58. Kd3 Rf1 59. Kd4 Rf7 60. Be6 Rc7 61. Na4 Re7 62. Bc8 Rf7 63. Kd5 Rf4 64. Bd7
Rxg4 65. Nb6 Rb4 66. Na4 h5 67. Nc3 Kg3 68. Ne4+ Kf4 69. Nxd6 h4 70. Kc5 Rb8
71. Nc4 Rb7 72. Ba4 Rc7+ 73. Kd4 h3 74. Ne3 h2 75. Nd5+ Kg5 0-1

[Event "Bundesliga 2018-19"]
[Site "Muelheim GER"]
[Date "2018.11.10"]
[Round "1"]
[White "Svidler, Peter"]
[Black "Feygin, Michael"]
[Result "1/2-1/2"]
[WhiteElo "2736"]
[BlackElo "2503"]
[PlyCount "41"]
[EventDate "2018.11.10"]
[EventType "team"]
[WhiteTeam "OSG Baden-Baden"]
[BlackTeam "SV Muelheim Nord"]

1. Nf3 d5 2. g3 Nf6 3. Bg2 e6 4. O-O Be7 5. d3 c5 6. e4 Nc6 7. Qe2 O-O 8. e5
Nd7 9. c4 a6 10. h4 b5 11. b3 Nb6 12. Bf4 Ra7 13. a4 bxa4 14. bxa4 a5 15. Nc3
Ba6 16. Nb5 Rd7 17. Rfc1 Nb4 18. Nd6 Nc8 19. Nb5 Nb6 20. Nd6 Nc8 21. Nb5
1/2-1/2

[Event "Bundesliga 2018-19"]
[Site "Muelheim GER"]
[Date "2018.11.10"]
[Round "1"]
[White "Beerdsen, Thomas"]
[Black "Rapport, Richard"]
[Result "1/2-1/2"]
[WhiteElo "2474"]
[BlackElo "2726"]
[PlyCount "64"]
[EventDate "2018.11.10"]
[EventType "team"]
[WhiteTeam "SV Muelheim Nord"]
[BlackTeam "OSG Baden-Baden"]

1. e4 d6 2. d4 Nf6 3. Nc3 Nc6 4. Nf3 g6 5. Bg5 Bg7 6. Qd2 h6 7. Bf4 a6 8. h3 b5
9. Bd3 Nh5 10. Be3 e5 11. dxe5 dxe5 12. a4 b4 13. Nd5 Rb8 14. Qe2 Qd6 15. Bxa6
Nd4 16. Bxd4 exd4 17. Bxc8 Rxc8 18. Qb5+ c6 19. Qxb4 Qxb4+ 20. Nxb4 Nf6 21. e5
Nd7 22. O-O-O c5 23. Nd5 Kd8 24. b4 Nxe5 25. Nxe5 Bxe5 26. Rhe1 Re8 27. b5 Ra8
28. Kd2 Rxa4 29. Ra1 Rxa1 30. Rxa1 Bb8 31. Re1 Rxe1 32. Kxe1 Kd7 1/2-1/2

[Event "Bundesliga 2018-19"]
[Site "Muelheim GER"]
[Date "2018.11.10"]
[Round "1"]
[White "Naiditsch, Arkadij"]
[Black "Vrolijk, Liam"]
[Result "1-0"]
[WhiteElo "2736"]
[BlackElo "2445"]
[PlyCount "47"]
[EventDate "2018.11.10"]
[EventType "team"]
[WhiteTeam "OSG Baden-Baden"]
[BlackTeam "SV Muelheim Nord"]

1. e4 e5 2. Nf3 Nc6 3. Bb5 g6 4. h4 h6 5. d4 exd4 6. Nxd4 Bg7 7. Ne2 Nf6 8.
Nbc3 O-O 9. h5 Nxh5 10. g4 Nf6 11. g5 hxg5 12. Bxg5 d6 13. f4 Qe8 14. Bxf6 Bxf6
15. Nd5 Bg7 16. Qd3 Bg4 17. O-O-O Qd7 18. Qg3 Rfe8 19. e5 Bxe2 20. Bxe2 Nxe5
21. fxe5 Rxe5 22. Bc4 Qd8 23. Rdf1 c6 24. Nf6+ 1-0

[Event "Bundesliga 2018-19"]
[Site "Munich GER"]
[Date "2018.11.11"]
[Round "2"]
[White "Korobov, Anton"]
[Black "Kindermann, Stefan"]
[Result "1-0"]
[WhiteElo "2703"]
[BlackElo "2500"]
[PlyCount "69"]
[EventDate "2018.11.10"]
[EventType "team"]
[WhiteTeam "SC Viernheim"]
[BlackTeam "MSA Zugzwang 82"]

1. d4 e6 2. c4 f5 3. g3 Nf6 4. Bg2 Be7 5. Nd2 O-O 6. b3 d5 7. Nh3 Nc6 8. Bb2
dxc4 9. Nxc4 Bb4+ 10. Kf1 Nd5 11. Rc1 Nce7 12. e3 Bd7 13. Bf3 Ng6 14. Kg2 Bb5
15. a3 Be7 16. Re1 Bf6 17. Qc2 a5 18. e4 fxe4 19. Bxe4 Bc6 20. Ng1 Nde7 21. Nf3
Ra6 22. h4 Bxe4 23. Rxe4 Nd5 24. Qe2 Re8 25. a4 Qd7 26. Re1 Nf8 27. Qd2 b6 28.
Ba3 Raa8 29. Bxf8 Kxf8 30. Ng5 Bxg5 31. hxg5 Kg8 32. Ne5 Qe7 33. Rh4 g6 34.
Reh1 Qg7 35. Qc2 1-0

[Event "Bundesliga 2018-19"]
[Site "Kiel GER"]
[Date "2018.11.11"]
[Round "2"]
[White "Svane, Rasmus"]
[Black "Ragger, Markus"]
[Result "1/2-1/2"]
[WhiteElo "2600"]
[BlackElo "2701"]
[PlyCount "156"]
[EventDate "2018.11.10"]
[EventType "team"]
[WhiteTeam "Hamburger SK"]
[BlackTeam "SG Solingen"]

1. d4 Nf6 2. c4 e6 3. Nf3 d5 4. g3 dxc4 5. Bg2 Nc6 6. Qa4 Bb4+ 7. Bd2 Nd5 8.
Bxb4 Ndxb4 9. O-O Rb8 10. Na3 O-O 11. Qb5 b6 12. Qxc4 Ba6 13. Nb5 Qe8 14. Rfc1
Nd5 15. e4 Na5 16. Nxc7 Bxc4 17. Nxe8 Rfxe8 18. Ne5 Rbc8 19. Nxc4 Nxc4 20. exd5
exd5 21. b3 Nd6 22. Bxd5 Nf5 23. Kg2 Nxd4 24. Rxc8 Rxc8 25. Rd1 Ne6 26. Bxe6
fxe6 27. Rd7 a5 28. Rd6 b5 29. Ra6 a4 30. bxa4 bxa4 31. Rxa4 Rc2 32. Ra7 h5 33.
a4 Ra2 34. a5 Kh7 35. a6 Kg6 36. Ra8 Ra3 37. a7 Kh7 38. f4 Kg6 39. Kf2 Kf7 40.
Ke2 Kg6 41. Kd2 Kf7 42. Kc2 Ra1 43. Kb3 Ra6 44. Kc4 Ra1 45. Kc5 Rc1+ 46. Kd6
Rd1+ 47. Ke5 Re1+ 48. Kd4 Ra1 49. Ke3 Ra3+ 50. Kf2 Ra2+ 51. Kf3 Kg6 52. Ke4 Kf7
53. Kd4 Ra1 54. Kd3 Ra3+ 55. Ke2 Ra2+ 56. Kd3 Ra3+ 57. Kc4 Ra1 58. Rh8 Rxa7 59.
Rxh5 Kf6 60. Kd3 Ra2 61. Ke4 Rb2 62. Rh7 Rb3 63. Rh8 Rb2 64. Rh5 Ra2 65. Kd4
Rb2 66. Rh7 Rb3 67. Rh8 Rb2 68. Rh5 Ra2 69. Rh4 Rb2 70. Rh8 Ra2 71. Rh5 Rb2 72.
h3 Rb3 73. Rg5 e5+ 74. Rxe5 Rxg3 75. Rh5 g5 76. Rxg5 Rxg5 77. fxg5+ Kxg5 78.
h4+ Kxh4 1/2-1/2

[Event "Bundesliga 2018-19"]
[Site "Muelheim GER"]
[Date "2018.11.11"]
[Round "2"]
[White "McShane, Luke J"]
[Black "Svidler, Peter"]
[Result "0-1"]
[WhiteElo "2667"]
[BlackElo "2736"]
[PlyCount "50"]
[EventDate "2018.11.10"]
[EventType "team"]
[WhiteTeam "SV Werder Bremen"]
[BlackTeam "OSG Baden-Baden"]

1. e4 c5 2. Nf3 d6 3. Bb5+ Nd7 4. O-O a6 5. Bd3 Ngf6 6. c3 b5 7. a4 Bb7 8. axb5
axb5 9. Rxa8 Qxa8 10. Bxb5 Bxe4 11. d4 Bxb1 12. dxc5 Be4 13. Re1 e6 14. Rxe4
Nxe4 15. c6 Nb6 16. Qd4 Qa5 17. c4 Qa1 18. c7+ Ke7 19. Qe3 g6 20. g4 Bg7 21.
Kg2 Nc5 22. b4 Ncd7 23. Bd2 Rc8 24. Bxd7 Nxd7 25. c5 dxc5 0-1

[Event "Bundesliga 2018-19"]
[Site "Muelheim GER"]
[Date "2018.11.11"]
[Round "2"]
[White "Rapport, Richard"]
[Black "Areshchenko, Alexander"]
[Result "1-0"]
[WhiteElo "2726"]
[BlackElo "2652"]
[PlyCount "61"]
[EventDate "2018.11.10"]
[EventType "team"]
[WhiteTeam "OSG Baden-Baden"]
[BlackTeam "SV Werder Bremen"]

1. Nf3 c5 2. c3 d5 3. d4 e6 4. e3 Nf6 5. Nbd2 Be7 6. Bd3 O-O 7. O-O Nbd7 8. Ne5
b6 9. Nc6 Qe8 10. b3 Bd6 11. f4 Bb7 12. Ne5 Qe7 13. Bb2 cxd4 14. exd4 Ne4 15.
Bxe4 dxe4 16. Ndc4 f6 17. Nxd6 Qxd6 18. Nc4 Qc7 19. Ne3 Ba6 20. c4 b5 21. c5 b4
22. Rf2 f5 23. d5 Qxc5 24. dxe6 Nb6 25. Rc1 Qe7 26. Qd4 Rf6 27. Rc6 Rc8 28.
Rfc2 Rxc6 29. Rxc6 Bb7 30. Rd6 Rf8 31. Qe5 1-0

[Event "Bundesliga 2018-19"]
[Site "Muelheim GER"]
[Date "2018.11.11"]
[Round "2"]
[White "Hracek, Zbynek"]
[Black "Naiditsch, Arkadij"]
[Result "1/2-1/2"]
[WhiteElo "2569"]
[BlackElo "2736"]
[PlyCount "45"]
[EventDate "2018.11.10"]
[EventType "team"]
[WhiteTeam "SV Werder Bremen"]
[BlackTeam "OSG Baden-Baden"]

1. e4 e5 2. Nf3 Nc6 3. Bb5 Nf6 4. O-O Nxe4 5. Re1 Nd6 6. Nxe5 Be7 7. Bf1 Nf5 8.
c3 Nxe5 9. Rxe5 d6 10. Re1 d5 11. d4 O-O 12. Nd2 Bd6 13. Bd3 Nh4 14. g3 Bf5 15.
Bxf5 Nxf5 16. Qf3 Ne7 17. Nb3 Qd7 18. Bf4 Bxf4 19. Qxf4 b6 20. Nc1 Rfe8 21. Nd3
f6 22. Qf3 c6 23. Re2 1/2-1/2

[Event "Bundesliga 2018-19"]
[Site "Muelheim GER"]
[Date "2018.11.11"]
[Round "2"]
[White "Babula, Vlastimil"]
[Black "Adams, Michael"]
[Result "1/2-1/2"]
[WhiteElo "2538"]
[BlackElo "2706"]
[PlyCount "41"]
[EventDate "2018.11.10"]
[EventType "team"]
[WhiteTeam "SV Werder Bremen"]
[BlackTeam "OSG Baden-Baden"]

1. d4 Nf6 2. c4 e6 3. Nc3 Bb4 4. e3 O-O 5. Bd3 d5 6. Nf3 c5 7. O-O dxc4 8. Bxc4
Nbd7 9. Qe2 cxd4 10. exd4 Nb6 11. Bb3 Bd7 12. Ne5 Rc8 13. Bg5 Be7 14. Rfe1 h6
15. Bh4 Nfd5 16. Nxd5 Bxh4 17. Nxb6 axb6 18. d5 exd5 19. Bxd5 Bf6 20. Rad1 Qc7
21. Nxd7 1/2-1/2

[Event "Bundesliga 2018-19"]
[Site "Dusseldorf GER"]
[Date "2018.11.24"]
[Round "3"]
[White "Navara, David"]
[Black "Ragger, Markus"]
[Result "1-0"]
[WhiteElo "2733"]
[BlackElo "2701"]
[PlyCount "85"]
[EventDate "2018.11.24"]
[EventType "team"]
[WhiteTeam "SV Muelheim Nord"]
[BlackTeam "SG Solingen"]

1. d4 Nf6 2. Nf3 g6 3. Nbd2 c5 4. dxc5 Qa5 5. a3 Qxc5 6. b4 Qc7 7. Bb2 Bg7 8.
c4 O-O 9. g3 b6 10. Bg2 Bb7 11. O-O d6 12. Rc1 Nbd7 13. Qb3 a5 14. Rfd1 Rfc8
15. Bh3 axb4 16. axb4 Qc6 17. Nf1 e6 18. Bg2 Qa4 19. Qc3 d5 20. Ne3 dxc4 21.
Ng4 Qb3 22. Rxd7 Qxc3 23. Nxf6+ Qxf6 24. Bxf6 Bc6 25. Ne5 Bxd7 26. Bxa8 Bxf6
27. Nxd7 Bg5 28. f4 Be7 29. Be4 f5 30. Nxb6 Rb8 31. Nd7 Rxb4 32. Bf3 g5 33. Kg2
gxf4 34. gxf4 Bd6 35. Ne5 c3 36. Rxc3 Rxf4 37. Nc6 Rh4 38. h3 Rh6 39. Re3 Kf7
40. Rd3 Bc5 41. Ne5+ Ke7 42. Kg3 Bg1 43. h4 1-0

[Event "Bundesliga 2018-19"]
[Site "Baden Baden GER"]
[Date "2018.11.24"]
[Round "3"]
[White "Nisipeanu, Liviu-Dieter"]
[Black "Wojtaszek, Radoslaw"]
[Result "1/2-1/2"]
[WhiteElo "2674"]
[BlackElo "2749"]
[PlyCount "55"]
[EventDate "2018.11.24"]
[EventType "team"]
[WhiteTeam "USV TU Dresden"]
[BlackTeam "OSG Baden-Baden"]

1. e4 c5 2. Nf3 d6 3. d4 cxd4 4. Nxd4 Nf6 5. Nc3 a6 6. Be3 e5 7. Nf3 Be7 8. Bc4
O-O 9. O-O Be6 10. Bb3 b5 11. Re1 Qc8 12. Bg5 Nbd7 13. Re2 Qb7 14. Rd2 Rfe8 15.
Bxf6 Nxf6 16. Qe2 Rac8 17. Nd5 Nxd5 18. Bxd5 Qb6 19. c3 a5 20. a3 Rc5 21. Rad1
b4 22. axb4 axb4 23. Bxe6 fxe6 24. c4 b3 25. Rd3 Rxc4 26. Rxd6 Rc2 27. Rxb6
Rxe2 28. Rxb3 1/2-1/2

[Event "Bundesliga 2018-19"]
[Site "Baden Baden GER"]
[Date "2018.11.24"]
[Round "3"]
[White "Rapport, Richard"]
[Black "Gajewski, Grzegorz"]
[Result "1-0"]
[WhiteElo "2726"]
[BlackElo "2595"]
[PlyCount "71"]
[EventDate "2018.11.24"]
[EventType "team"]
[WhiteTeam "OSG Baden-Baden"]
[BlackTeam "USV TU Dresden"]

1. c4 e6 2. Nc3 d5 3. d4 Nf6 4. Bg5 Be7 5. e3 h6 6. Bh4 Nbd7 7. Rc1 O-O 8. cxd5
exd5 9. Bd3 c6 10. Bg3 Re8 11. a3 Nf8 12. Nf3 Bg4 13. Qb3 Bxf3 14. gxf3 b5 15.
Na2 Rc8 16. Nb4 Bxb4+ 17. Qxb4 Ne6 18. Kf1 a5 19. Qd6 Qxd6 20. Bxd6 a4 21. Rg1
Nd7 22. f4 Nb6 23. h4 f6 24. f5 Nd8 25. Bf4 Kh7 26. Rc2 Nc4 27. e4 dxe4 28.
Bxc4 bxc4 29. Rxc4 Ra8 30. d5 Ra5 31. dxc6 Rxf5 32. Be3 Ne6 33. Rg4 Nc7 34.
Rcxe4 Rxe4 35. Rxe4 Rb5 36. Rb4 1-0

[Event "Bundesliga 2018-19"]
[Site "Baden Baden GER"]
[Date "2018.11.24"]
[Round "3"]
[White "Bartel, Mateusz"]
[Black "Naiditsch, Arkadij"]
[Result "1/2-1/2"]
[WhiteElo "2600"]
[BlackElo "2736"]
[PlyCount "59"]
[EventDate "2018.11.24"]
[EventType "team"]
[WhiteTeam "USV TU Dresden"]
[BlackTeam "OSG Baden-Baden"]

1. e4 c5 2. Nf3 Nc6 3. Bb5 d6 4. O-O Bd7 5. Re1 Nf6 6. c3 a6 7. Bc4 Bg4 8. d4
cxd4 9. cxd4 Bxf3 10. gxf3 Rc8 11. Nc3 e5 12. Be3 Nxd4 13. Bf1 Ne6 14. Qb3 Be7
15. Qxb7 O-O 16. Red1 Nd4 17. Bxd4 exd4 18. Rxd4 Rb8 19. Qxa6 Rxb2 20. Nd1 Rb6
21. Qa5 Nd7 22. f4 Nc5 23. Rc1 Ne6 24. Rdc4 Nxf4 25. Rc8 Qd7 26. Rxf8+ Bxf8 27.
Qxb6 Qg4+ 28. Kh1 Qf3+ 29. Kg1 Qg4+ 30. Kh1 1/2-1/2

[Event "Bundesliga 2018-19"]
[Site "Baden Baden GER"]
[Date "2018.11.24"]
[Round "3"]
[White "Hou, Yifan"]
[Black "Maiwald, Jens-Uwe"]
[Result "1-0"]
[WhiteElo "2658"]
[BlackElo "2443"]
[PlyCount "49"]
[EventDate "2018.11.24"]
[EventType "team"]
[WhiteTeam "OSG Baden-Baden"]
[BlackTeam "USV TU Dresden"]

1. e4 d6 2. d4 Nf6 3. Nc3 e5 4. Nf3 Nbd7 5. Bc4 Be7 6. O-O O-O 7. Re1 a6 8. a4
b6 9. b3 c6 10. Bb2 Bb7 11. Bd3 Re8 12. Ne2 Bf8 13. Ng3 Qc7 14. Qd2 Rad8 15. h3
h6 16. Rad1 Qb8 17. Nf5 exd4 18. N3xd4 c5 19. Nxh6+ gxh6 20. Nf5 Ne5 21. Nxh6+
Kh7 22. Nf5 Re6 23. Qg5 Rd7 24. Bxe5 dxe5 25. Bc4 1-0

[Event "Bundesliga 2018-19"]
[Site "Viernheim GER"]
[Date "2018.11.24"]
[Round "3"]
[White "Saric, Ivan"]
[Black "Perske, Thore"]
[Result "1-0"]
[WhiteElo "2692"]
[BlackElo "2448"]
[PlyCount "85"]
[EventDate "2018.11.24"]
[EventType "team"]
[WhiteTeam "SV 1930 Hockenheim"]
[BlackTeam "SV 1920 Hofheim"]

1. e4 e6 2. d4 d5 3. Nc3 Nf6 4. Bg5 Be7 5. e5 Nfd7 6. h4 h6 7. Bxe7 Qxe7 8. f4
a6 9. Nf3 c5 10. Qd2 Nc6 11. g4 b5 12. Ne2 b4 13. Ng3 Nb6 14. Nh5 Rg8 15. a3 c4
16. axb4 Qxb4 17. Qxb4 Nxb4 18. Kd2 Bd7 19. Bh3 Ke7 20. f5 g6 21. Nf6 Rgb8 22.
fxg6 fxg6 23. Ne1 a5 24. g5 h5 25. Kc1 Ba4 26. Rf1 Rc8 27. Rf3 Rab8 28. Bf1 Bd7
29. c3 Nc6 30. Ng2 Be8 31. Nxe8 Rxe8 32. Rf6 Nd7 33. Rxg6 Rf8 34. Rf6 Nxf6 35.
exf6+ Kd6 36. Nf4 e5 37. dxe5+ Nxe5 38. Rxa5 Nf3 39. Rxd5+ Kc6 40. Bg2 Nxh4 41.
Be4 Rfe8 42. Rd4+ Kc5 43. g6 1-0

[Event "Bundesliga 2018-19"]
[Site "Dusseldorf GER"]
[Date "2018.11.25"]
[Round "4"]
[White "Demchenko, Anton"]
[Black "Navara, David"]
[Result "1/2-1/2"]
[WhiteElo "2679"]
[BlackElo "2733"]
[PlyCount "65"]
[EventDate "2018.11.24"]
[EventType "team"]
[WhiteTeam "Duesseldorfer SK 1914/1925"]
[BlackTeam "SV Muelheim Nord"]

1. e4 c6 2. d4 d5 3. Nc3 dxe4 4. Nxe4 Bf5 5. Ng3 Bg6 6. Nf3 e6 7. Bd3 Bxd3 8.
Qxd3 Nf6 9. O-O Bd6 10. b3 Nbd7 11. Bb2 Qc7 12. Rfe1 O-O 13. c4 Rad8 14. Ne4
Nxe4 15. Qxe4 Nf6 16. Qc2 Rfe8 17. Rad1 Be7 18. g3 a6 19. Rd3 c5 20. d5 exd5
21. Bxf6 Bxf6 22. Rxe8+ Rxe8 23. Rxd5 g6 24. Qd3 Rd8 25. Kg2 Kg7 26. h3 b5 27.
g4 Rxd5 28. Qxd5 bxc4 29. bxc4 Qa5 30. g5 Bb2 31. Ne5 Bxe5 32. Qxe5+ Kg8 33.
Qe8+ 1/2-1/2

[Event "Bundesliga 2018-19"]
[Site "Baden Baden GER"]
[Date "2018.11.25"]
[Round "4"]
[White "Wojtaszek, Radoslaw"]
[Black "Sprenger, Jan Michael"]
[Result "1/2-1/2"]
[WhiteElo "2749"]
[BlackElo "2490"]
[PlyCount "139"]
[EventDate "2018.11.24"]
[EventType "team"]
[WhiteTeam "OSG Baden-Baden"]
[BlackTeam "SF Berlin 1903"]

1. c4 e5 2. Nc3 Nf6 3. Nf3 Nc6 4. e3 Bb4 5. Qc2 O-O 6. Nd5 Be7 7. a3 d6 8. Ng5
g6 9. Nxe7+ Qxe7 10. d3 h6 11. Nf3 a5 12. b3 g5 13. Bb2 Bf5 14. Be2 Bg6 15. Nd2
Nd7 16. h4 Kg7 17. g4 Nc5 18. O-O-O f6 19. Rh2 Rab8 20. Rdh1 Rh8 21. Ne4 Nxe4
22. dxe4 Rbe8 23. Bd3 Nd8 24. f4 Bf7 25. Rh3 gxf4 26. exf4 Ne6 27. f5 Nf4 28.
Rg3 b6 29. Rhg1 Reg8 30. Kb1 Kf8 31. Bc1 Rg7 32. Qf2 Be8 33. Bc2 Bc6 34. Bxf4
exf4 35. Qxf4 Qe5 36. Qe3 Re7 37. Re1 Ke8 38. g5 hxg5 39. hxg5 fxg5 40. Qxg5
Kd8 41. Rf3 Rh2 42. Rfe3 Kc8 43. R3e2 Rxe2 44. Rxe2 Rg7 45. Qc1 Rg4 46. Qb2 Qf4
47. Qc3 Rg3 48. Qd4 Qf1+ 49. Qd1 Qf4 50. a4 Be8 51. Re1 Rg2 52. Rf1 Rf2 53.
Rxf2 Qxf2 54. Kb2 Bc6 55. Qd3 Qf4 56. Qd4 Be8 57. Qh8 Qe5+ 58. Qxe5 dxe5 59. c5
bxc5 60. Kc3 Kd7 61. Bd3 c6 62. f6 Bg6 63. Kc4 Kd6 64. Kc3 Ke6 65. f7 Ke7 66.
f8=Q+ Kxf8 67. Kc4 Bf7+ 68. Kxc5 Bxb3 69. Kxc6 Bxa4+ 70. Kb6 1/2-1/2

[Event "Bundesliga 2018-19"]
[Site "Baden Baden GER"]
[Date "2018.11.25"]
[Round "4"]
[White "Schreiner, Peter"]
[Black "Rapport, Richard"]
[Result "0-1"]
[WhiteElo "2480"]
[BlackElo "2726"]
[PlyCount "106"]
[EventDate "2018.11.24"]
[EventType "team"]
[WhiteTeam "SF Berlin 1903"]
[BlackTeam "OSG Baden-Baden"]

1. d4 g6 2. c4 Bg7 3. Nc3 c5 4. e3 Nf6 5. Nf3 O-O 6. Be2 cxd4 7. exd4 d5 8. O-O
Nc6 9. Re1 dxc4 10. Bxc4 Na5 11. Bf1 b6 12. Ne5 Bb7 13. Bg5 h6 14. Bf4 Rc8 15.
Qd2 Kh7 16. Rad1 Nd5 17. h4 e6 18. h5 gxh5 19. Nxd5 Bxd5 20. Ba6 Nb7 21. Bc4
Bxc4 22. Nxc4 Qf6 23. Ne5 Qf5 24. Qe3 Rfd8 25. Rc1 Na5 26. b3 Rg8 27. Qf3 Bxe5
28. Rxc8 Bxf4 29. Rxg8 Kxg8 30. g3 Bd6 31. Qxf5 exf5 32. Re8+ Kg7 33. Ra8 Nc6
34. d5 Ne7 35. Rxa7 Kf6 36. a4 Nxd5 37. a5 bxa5 38. Rxa5 Nb4 39. Kg2 Kg5 40.
Ra7 Kg6 41. Rd7 Bc5 42. Rc7 Nd3 43. Rd7 Nxf2 44. b4 Be3 45. b5 Ne4 46. Rc7 f6
47. Rc6 h4 48. gxh4 Nd2 49. h5+ Kg5 50. b6 f4 51. b7 f3+ 52. Kg3 Ba7 53. Ra6 f2
0-1

[Event "Bundesliga 2018-19"]
[Site "Baden Baden GER"]
[Date "2018.11.25"]
[Round "4"]
[White "Naiditsch, Arkadij"]
[Black "Baldauf, Marco"]
[Result "1-0"]
[WhiteElo "2736"]
[BlackElo "2470"]
[PlyCount "47"]
[EventDate "2018.11.24"]
[EventType "team"]
[WhiteTeam "OSG Baden-Baden"]
[BlackTeam "SF Berlin 1903"]

1. e4 c6 2. Nc3 d5 3. Nf3 Nf6 4. e5 Ne4 5. d4 Nxc3 6. bxc3 c5 7. c4 Nc6 8. dxc5
d4 9. Bd3 e6 10. O-O Bxc5 11. Re1 h6 12. Nd2 Bb4 13. Rb1 Bd7 14. a3 Bxd2 15.
Bxd2 Qc7 16. Qg4 g5 17. Bb4 O-O-O 18. Bd6 Qa5 19. Qf3 Rdg8 20. Be4 g4 21. Qxf7
Qd8 22. c5 Qe8 23. Qf4 Nd8 24. Qd2 1-0

[Event "Bundesliga 2018-19"]
[Site "Baden Baden GER"]
[Date "2018.11.25"]
[Round "4"]
[White "Abel, Dennes"]
[Black "Adams, Michael"]
[Result "1/2-1/2"]
[WhiteElo "2465"]
[BlackElo "2706"]
[PlyCount "132"]
[EventDate "2018.11.24"]
[EventType "team"]
[WhiteTeam "SF Berlin 1903"]
[BlackTeam "OSG Baden-Baden"]

1. d4 Nf6 2. c4 e6 3. g3 d5 4. Bg2 dxc4 5. Nf3 a6 6. O-O Nc6 7. e3 Bd7 8. Qe2
Bd6 9. Qxc4 O-O 10. Rd1 Qe7 11. Bd2 Rad8 12. Qc2 e5 13. dxe5 Nxe5 14. Nxe5 Bxe5
15. Bc3 Bf5 16. Qc1 Rxd1+ 17. Qxd1 Rd8 18. Qe1 Ne4 19. Bxe5 Qxe5 20. Nc3 Nxc3
21. bxc3 b5 22. a4 g6 23. axb5 axb5 24. e4 Be6 25. Bf1 Qc5 26. Rb1 c6 27. Kg2
h5 28. h4 Bg4 29. c4 bxc4 30. Qb4 Qe5 31. Qxc4 Rd2 32. Qb4 Bf3+ 33. Kg1 Qxe4
34. Qxe4 Bxe4 35. Rb8+ Kg7 36. Bg2 Rd1+ 37. Kh2 Bd5 38. Bxd5 Rxd5 39. Rc8 Rd6
40. Kg2 Kf6 41. Rc7 Ke6 42. Kf3 f5 43. Ke3 Ke5 44. Rc8 Re6 45. Rd8 Rd6 46. Rc8
Kd5 47. Kd3 c5 48. f3 Ra6 49. Rd8+ Ke6 50. Re8+ Kd6 51. Rg8 Ke5 52. Re8+ Re6
53. Rc8 Kd5 54. Rd8+ Rd6 55. Rc8 Ra6 56. Rd8+ Kc6 57. Kc4 Ra4+ 58. Kb3 Rb4+ 59.
Kc3 f4 60. g4 hxg4 61. fxg4 f3 62. Rf8 Kb5 63. h5 Rc4+ 64. Kb3 Rxg4 65. hxg6
Rg3 66. g7 Rxg7 1/2-1/2

[Event "Bundesliga 2018-19"]
[Site "Baden Baden GER"]
[Date "2018.11.25"]
[Round "4"]
[White "Lauber, Arnd"]
[Black "Hou, Yifan"]
[Result "0-1"]
[WhiteElo "2431"]
[BlackElo "2658"]
[PlyCount "80"]
[EventDate "2018.11.24"]
[EventType "team"]
[WhiteTeam "SF Berlin 1903"]
[BlackTeam "OSG Baden-Baden"]

1. d4 Nf6 2. c4 e6 3. Nc3 Bb4 4. e3 O-O 5. Bd3 d5 6. Nf3 c5 7. cxd5 exd5 8.
dxc5 Nbd7 9. O-O Nxc5 10. Be2 Nce4 11. Nxe4 dxe4 12. Nd4 Qe7 13. Bd2 Bd6 14.
Bc3 Rd8 15. Qb3 Bg4 16. Bxg4 Nxg4 17. h3 Ne5 18. Nf5 Qg5 19. Nxd6 Nf3+ 20. Kh1
Rxd6 21. Qxb7 Re8 22. Rad1 Rg6 23. g3 Rh6 24. Qd7 Rf8 25. Rd6 Rxd6 26. Qxd6 Rd8
27. Qf4 Qd5 28. Qg4 Ng5 29. a3 Ne6 30. h4 f5 31. Qh5 a6 32. Kg1 Nc5 33. Qg5 Ne6
34. Qh5 h6 35. Rc1 Kh7 36. Qe2 Nc5 37. Bd4 Nb3 38. Rc4 Qb5 39. Qc2 Nd2 40. Rc7
Qf1+ 0-1